Serie A Champions Goalkeepers - Statistics

General Stats
  • This quiz has been taken 697 times
    341 since last reset
  • The average score is 14 of 39
Answer Stats
Goalkeeper % Correct
Gianluigi Buffon
99%
Lorenzo Buffon
98%
Dida
94%
Júlio César
92%
Samir Handanović
88%
Mike Maignan
87%
Yann Sommer
87%
Wojciech Szczęsny
86%
Alex Meret
83%
Dino Zoff
76%
Christian Abbiati
72%
Sebastiano Rossi
54%
Angelo Peruzzi
53%
Walter Zenga
40%
Gianluca Pagliuca
38%
Luca Marchegiani
28%
Giovanni Galli
25%
Francesco Antonioli
23%
Stefano Tacconi
17%
Enrico Albertosi
14%
Enrico Albertosi
14%
Claudio Garella
12%
Fabio Cudicini
11%
Giuliano Sarti
11%
Franco Tancredi
10%
Ivano Bordon
9%
Giuliano Giuliani
7%
Giorgio Ghezzi
6%
Felice Pulici
5%
Lido Vieri
5%
Luciano Castellini
4%
Pietro Carmignani
3%
Roberto Anzolin
3%
Carlo Mattrel
2%
Franco Superchi
2%
Giovanni Viola
2%
Giuseppe Vavassori
2%
Narciso Soldan
2%
William Negri
1%
No matching quizzes found
Score Distribution
Percent of People with Each Score
Percentile by Number Answered
Your Score History
You have not taken this quiz since the last reset